000 00313nam a22001217a 4500
020 _a9780073384108
100 _aLANGHAN JOHN
245 _aENGLISH SKILLS
250 _a9TH ED. annotated instructor's edition
260 _aNEW YORK, USA
_bMcGRAW-HILL HIGHER EDUCATION
_c2008
300 _a648
_bILL
942 _cBK
999 _c251037
_d251037